=LDR 00000nam 2200000 4500 =001 INLIS00000000000121 =005 20260702043538 =020 ##$$a 978-623-5436-01-2 =082 ##$$a 155.620 =100 1#$$a Zaka, Istifatun =245 1 $$a What'S The Matter With Quarter Life Crisis: Ketika Hidupmu Dipenuhi Kekhawatiran Akan Masa Depan /$c Istifatun Zaka =300 ##$$a x +134 hlm. ; 13,5x20 cm